1756 1272 1265 1238 1702 1874 1367 1017 1616 1456 1397 1462 1383 1134 1347 1354 1815 1354 1099 1711 1906 1915 1281 1736 1997 1015 1026 1217 1758 1781 1564 1208 1761 1460 1153 1661 1755 1332 1508 1934 1260 1899 1426 1697 1468 1289 1612 1411 1059 1232 1042 1272 1469 1834 1673 1481 1717 1220 1496 1326 1395 1997 1112 1379 1279 1384 1504 1118 1262 1950 1721 1869 1811 1580 1006 1271 1521 1408 1676 1806 1398 1276 1847 1876 1347 1043 1255 1505 1001 1372 1991 1410 1911 1145 1605 1541 1139 1906 1212 BCNSPRNW ULIB Ver.6.0+V

เปลี่ยนเป็นภาษาไทย

Change to English
 แสดงรายละเอียดบรรณานุกรม
  กลับหน้าหลัก

Brief Record : Get Marc (ISO 2709) : E-mail record : QR code < ปิดหน้าต่าง
LEADER : 00000nam 2200000uu 4500
001    13399121496
003     ULIB
008    121121s2555||||th 000 0 tha d
099    วจ.WM172น111ร
100 0  นฤพร พงษ์คุณากร, วีระชัย เขื่อนแก้ว และวินัย รอบคอบ
245 00 ระดับความเครียด สาเหตุที่ทำให้เกิดความเครียดและการปรับตัวต่อความความเครียด ของนักศึกษาหลักสูตรพยาบาลศาสตร์บัณฑิต วิทยาลัยพยาบาลบรมราชชนนี นครลำปาง/นฤพร พงษ์คุณากร, วีระชัย เขื่อนแก้ว และวินัย รอบคอบ
260    ลำปาง:^bวิทยาลัยพยาบาลบรมราชชนนี นครลำปาง,^c2555
300    106 แผ่น
700 0  วีระชัย เขื่อนแก้ว
700 0  วินัย รอบคอบ
945    ^p0^l0^i033124
999    ^aใช้งานได้ทุกระบบ
รายการนี้ยังไม่มีแท็ก
คุณยังไม่ได้ล็อกอิน คุณสามารถมีกิจกรรมร่วมกับเว็บไซต์ได้ แต่ต้องล็อกอินก่อน ::
  ล็อกอิน

รายการสื่อสารสนเทศ

ลำดับที่ ประเภท เลขเรียก/บาร์โค้ด สถานที่ สถานะ
1. งานวิจัย
งานวิจัย
วจ.WM172น111ร  
  Barcode: 033124
ห้องสมุดวิทยาเขตสวรรค์ประชารักษ์
►วิจัย
บนชั้น

BibComment


ยังไม่เคยถูกคอมเมนท์

คอมเมนท์ทรัพยากรรายการนี้
  คอมเมนท์: ระดับความเครียด ส..


 Copyright 2026. Bcnsprnw @Library